Central Library and Information Centre
Sibsagar Girls' College, Sivasagar : Assam

THE RAPE OF THE LOCK (Record no. 8090)

MARC details
000 -LEADER
fixed length control field 00388cam a2200169ua 4500
008 - FIXED-LENGTH DATA ELEMENTS--GENERAL INFORMATION
fixed length control field 111223n II |||gr||||Z||||||eng
040 ## - CATALOGING SOURCE
Original cataloging agency MAIN
041 ## - LANGUAGE CODE
-- English
082 ## - DEWEY DECIMAL CLASSIFICATION NUMBER
Classification number 823 POP
100 ## - MAIN ENTRY--PERSONAL NAME
Personal name POPE, ALEXENDER.
245 ## - TITLE STATEMENT
Title THE RAPE OF THE LOCK
260 ## - PUBLICATION, DISTRIBUTION, ETC.
Place of publication, distribution, etc. LONDON
Name of publisher, distributor, etc. OXFORD UNIVERSITY PRESS
Date of publication, distribution, etc. 1982.
300 ## - PHYSICAL DESCRIPTION
Extent 421.
942 ## - ADDED ENTRY ELEMENTS (KOHA)
Koha item type Books
653 ## - INDEX TERM--UNCONTROLLED
Uncontrolled term English fiction
Holdings
Withdrawn status Lost status Damaged status Not for loan Collection code Home library Current library Shelving location Date acquired Total Checkouts Full call number Barcode Date last seen Date last checked out Copy number Price effective from Koha item type Public note
        TBENG Central Library and Information Centre Sibsagar Girls College Central Library and Information Centre Sibsagar Girls College ENGLISH BOOK RACK 20.04.1983 2 823 POP 07221 01.10.2024 13.09.2024 1 27.02.2020 Books V
        TBENG Central Library and Information Centre Sibsagar Girls College Central Library and Information Centre Sibsagar Girls College ENGLISH BOOK RACK 20.04.1983   823 POP 07222 27.02.2020   2 27.02.2020 Books V


Sibsagar Girl's College © 2020. All rights reserved.
Powered by Koha.
Maintained by Abhijit Borpuzari.